Yankees Opening Day Lineups 2019-2024 - Statistics

General Stats
  • This quiz has been taken 488 times
    432 since last reset
  • The average score is 38 of 60
Answer Stats
Yankees % Correct
3. CF Aaron Judge
98%
2. CF Aaron Judge
98%
2. RF Aaron Judge
98%
2. RF Aaron Judge
98%
2. RF Aaron Judge
98%
2. RF Aaron Judge
98%
4. DH Giancarlo Stanton
96%
4. RF Giancarlo Stanton
96%
4. DH Giancarlo Stanton
96%
4. DH Giancarlo Stanton
96%
4. DH Giancarlo Stanton
96%
3. LF Giancarlo Stanton
96%
9. SS Anthony Volpe
93%
5. SS Gleyber Torres
91%
3. SS Gleyber Torres
91%
8. 2B Gleyber Torres
91%
6. DH Gleyber Torres
90%
5. 1B Anthony Rizzo
89%
3. 1B Anthony Rizzo
89%
3. 1B Anthony Rizzo
89%
P Gerrit Cole
87%
P Gerrit Cole
87%
P Gerrit Cole
87%
P Gerrit Cole
87%
2. RF Juan Soto
85%
1. 2B DJ LeMahieu
75%
5. 2B DJ LeMahieu
75%
1. 2B DJ LeMahieu
75%
8. C Jose Trevino
74%
7. C Gary Sanchez
66%
6. C Gary Sanchez
66%
6. C Gary Sanchez
66%
7. LF Oswaldo Cabrera
65%
5. LF Brett Gardner
61%
1. CF Brett Gardner
61%
7. CF Aaron Hicks
54%
3. CF Aaron Hicks
54%
1. CF Aaron Hicks
54%
5. 3B Josh Donaldson
50%
1. 3B Josh Donaldson
50%
7. 1B Luke Voit
44%
4. DH Luke Voit
44%
8. C Kyle Higashioka
38%
P Masahiro Tanaka
38%
7. 1B Greg Bird
37%
6. 3B Gio Urshela
32%
8. 3B Gio Urshela
32%
9. SS Isiah Kiner-Falefa
27%
5. 3B Miguel Andujar
27%
6. LF Joey Gallo
21%
7. LF Alex Verdugo
19%
9. LF Clint Frazier
19%
6. SS Anthony Volpe
18%
1. 2B Gleyber Torres
17%
8. C Jose Trevino
16%
9. 3B Oswaldo Cabrera
13%
P. Nestor Cortes Jr
12%
8. 1B Jay Bruce
10%
9. SS Troy Tulowitzki
10%
9. 2B Tyler Wade
7%
No matching quizzes found
Score Distribution
Percent of People with Each Score
Percentile by Number Answered
Your Score History
You have not taken this quiz since the last reset